| 000 | 00352nam a22001457a 4500 | ||
|---|---|---|---|
| 020 | _a97893-82515-41-8 | ||
| 082 |
_a894.812.3 _bEMM/T |
||
| 100 | _aGEORGE IMMUTTY | ||
| 245 | _aTHERENJEDUTHA PURANA KADHAKAL | ||
| 250 | _a4 | ||
| 260 |
_aTHRISSUR _bH&C PUBLISHING HOUSE _c2012 |
||
| 300 | _a112 | ||
| 650 |
_aSHORT STORY MALAYALAM _zKERALA |
||
| 942 | _cBK | ||
| 999 |
_c1118 _d1118 |
||